| 000 -LEADER |
| fixed length control field |
00402cam a22001217a 4500 |
| 008 - FIXED-LENGTH DATA ELEMENTS--GENERAL INFORMATION |
| fixed length control field |
180718b1989 xxu||||| |||| 00| 0 eng d |
| 082 ## - DEWEY DECIMAL CLASSIFICATION NUMBER |
| Classification number |
Z000x54 B541 CRS |
| 100 ## - MAIN ENTRY--PERSONAL NAME |
| Personal name |
Bisht, Devendra Singh |
| 245 ## - TITLE STATEMENT |
| Title |
Agricultural development in India: innovation, diffusion and modernisation |
| Statement of responsibility, etc. |
by Devendra Singh Bisht |
| 260 ## - PUBLICATION, DISTRIBUTION, ETC. |
| Place of publication, distribution, etc. |
Delhi |
| Name of publisher, distributor, etc. |
Anmol |
| Date of publication, distribution, etc. |
1989 |
| 300 ## - PHYSICAL DESCRIPTION |
| Extent |
332p. |
| 650 ## - SUBJECT ADDED ENTRY--TOPICAL TERM |
| Topical term or geographic name entry element |
Agricultural development - India |